000 00644nam a22002057a 4500
003 OSt
005 20260306034957.0
008 260306b |||||||| |||| 00| 0 eng d
020 _a0-395-73630-7.
040 _aDWCL Main Lib
_cOC
082 _23rd ed.
_aCirc. 302.20 B834 1996
100 _aBrehman, Sharon S.
245 _aSocial psychology
_cSharon S. Brehman
250 _a3rd ed.
260 _aBoston :
_bHoughton Mifflin Company,
_cc1996.
300 _axx, various paging :
_bcol. ill. ;
_c26 cm.
504 _aIncludes bibliographical references and index.
650 _aSocial psychology.
942 _2ddc
_cBK-CIRC
_e3rd ed.
_kCirc.
_n0
999 _c8681
_d8681